Statistics for Guess the Conan Gray Song with No Hints #3

Click here to take the quiz!

General Stats

  • This quiz has been taken 110 times
  • The average score is 183 of 327

Answer Stats

Answer% Correct
I
99%
a
96%
you
95%
me
87%
the
86%
love
84%
we
84%
And
83%
and
83%
it
76%
It
76%
But
74%
were
74%
when
74%
so
71%
So
71%
is
70%
They
70%
they
70%
story
68%
boy
67%
to
66%
end
64%
on
64%
about
63%
About
63%
girl
63%
Just
63%
just
63%
tell
63%
that
63%
Let
62%
of
62%
people
62%
what
62%
was
59%
my
58%
Best
57%
friend
57%
it's
57%
It's
57%
with
55%
other
54%
didn't
53%
each
53%
friends
53%
I'm
53%
mean
53%
Kinda
51%
kinda
51%
too
51%
short
50%
younger
50%
boring
49%
head
49%
sixteen
47%
world
47%
afraid
46%
knew
46%
Now
46%
now
46%
themselves
46%
always
45%
in
45%
In
45%
say
45%
more
43%
whirl
43%
they're
42%
way
42%
work
42%
gone
41%
not
41%
one
39%
that's
39%
If
38%
if
38%
loved
38%
Moved
38%
never
38%
wished
38%
All
36%
all
36%
both
36%
Both
36%
for
36%
For
36%
headstones
36%
lawn
36%
Oh
36%
states
36%
another
34%
could
34%
different
34%
works
34%
'Cause
33%
our
33%
they'd
33%
discovered
30%
have
30%
funny
29%
think
29%
ain't
28%
see
28%
bet
26%
sweet
26%
wait
26%
life
24%
run
24%
movie's
22%
only
22%
parents
22%
pretty
22%
away
20%
their
20%
better
17%
evil
17%
get
17%
made
17%
she's
17%
hope
14%
right
14%
sequel
14%
worked
14%
alright
13%
happy
13%
saved
13%
wonder
13%
lovers
11%
running
9%
Two
9%
we'd
8%
Okay
1%
Hmm
0%

Score Distribution

Percentile by Number Answered

Percent of People with Each Score

Your Score History

You have not taken this quiz